| 000 | 01768cam a2200373 i 4500 | ||
|---|---|---|---|
| 001 | 48779 | ||
| 003 | Mx-PuUPA | ||
| 005 | 20251016122412.0 | ||
| 008 | 140415s2022 mx a gr 001 0 spa d | ||
| 020 | _a9786076057216 | ||
| 040 |
_cMx-PuUPA _aMx-PuUPA _bspa _dMx-PuUPA _erda |
||
| 041 | 0 | _aspa | |
| 245 | 1 | 0 |
_aSólo lo maravilloso es bello : _bsurrealismo en diálogo Museo Boijmans van Beuningen - México / _cInstituto Nacional de Bellas Artes y Literatura, [editor] ; Miguel Fernández Félix, coordinación general ; Lizbeth Sánchez Ayala, investigación iconográfica ; Oswaldo Hernández Trujillo, Adriana Huerta Nuñez, Andrés Ramos García, traducción |
| 250 | _aPrimera edición | ||
| 264 | 1 |
_aCiudad de México : _bMuseo Boijmans van Beuningen, _c©2022 |
|
| 300 |
_a589 páginas : _bilustraciones, fotografías ; _c31 cm |
||
| 336 |
_2rdacontent _atexto _btxt |
||
| 337 |
_2rdamedia _asin medio _bn |
||
| 338 |
_2rdacarrier _avolumen _bnc |
||
| 610 | 1 | 4 | _aMuseo Boijmans Van Beuringe (Rotterdam, Países Bajos) |
| 650 | 7 |
_2armarc _aArte moderno _ySiglo XX _vCatálogo de exposiciones |
|
| 650 | 7 |
_2armarc _aFeminismo y las artes _vExposiciones |
|
| 650 | 7 |
_2armarc _aSurrealismo (Arte) _vExposiciones |
|
| 700 | 1 |
_aFernández Félix, Miguel, _ecoordinador _913684 |
|
| 700 | 1 |
_aSánchez Ayala, Lizbeth, _917421 _ecolaborador |
|
| 700 | 1 |
_aHernández Trujillo, Oswaldo _etraductor |
|
| 700 | 1 |
_aHuerta Nuñez, Adriana, _etraductor |
|
| 700 | 1 |
_aRamos García, Andrés, _etraductor |
|
| 710 | 1 |
_aInstituto Nacional de Bellas Artes y Literatura _eeditor |
|
| 942 |
_2ddc _cLI _h700.904 _iS68 |
||
| 999 |
_c48779 _d48779 |
||